Word Ladder: Classic Golf Movie Quiz Stats

 Plays Quiz Updated May 29, 2019

Score 0/18 Timer 02:00
2 Plays Today
Clue 5-Letter Answer % Correct
Treats obtained at HalloweenCANDY
98.2%
• Golfer's assistant •• CADDY •
97.8%
Instructor for an athleteCOACH
95.9%
Official state fruit of GeorgiaPEACH
95.6%
Hunt wildlife illegallyPOACH
95.3%
LocationPLACE
92.7%
Shallow dish from which food is eatenPLATE
92.4%
Tranquility; War's partner in a Tolstoy titlePEACE
91.6%
Dangerous ocean fishSHARK
89.5%
Clue 5-Letter Answer % Correct
Crawford or Lou Who, e.g.CINDY
89.1%
Spiral shell of a gastropod, used as a hornCONCH
87.3%
Extra, as in tireSPARE
85.3%
• A rough, often rundown, cabin •• SHACK •
85%
A unit of stockSHARE
83.4%
Easy and simpleCINCH
83.2%
Short-form name for a southwest Ohio cityCINCY
83.2%
Fred Flintstone's boss, Mr. _____SLATE
80.3%
A sudden outpouringSPATE
73.9%

Today's Daily Dose

You're not logged in!

Compare scores with friends on all Sporcle quizzes.
OR
Log In

Sporcle TV

Today on Sporcle TV


Watch our educational content, quiz creation guides, and fun videos on Sporcle TV.

Show Comments

Extras

Top Quizzes Today


Score Distribution

Your Account Isn't Verified!

In order to create a playlist on Sporcle, you need to verify the email address you used during registration. Go to your Sporcle Settings to finish the process.

Report this User

Report this user for behavior that violates our Community Guidelines.

Details: